[Event "Mumbai Wealth op"]
[Site "Mumbai"]
[Date "2016.02.04"]
[Round "8"]
[White "Iyer, AN."]
[Black "Raghavan, Muktesh"]
[Result "0-1"]
[WhiteElo "1468"]
[BlackElo "1643"]
[PlyCount "65"]
[EventDate "2016.01.28"]
[EventType "swiss"]
[EventRounds "9"]
[EventCountry "IND"]
[SourceTitle "CBM 170 Extra"]
[Source "ChessBase"]
[SourceDate "2016.02.25"]
[SourceVersion "1"]
[SourceVersionDate "2016.02.25"]
[SourceQuality "1"]

1. d4 g6 2. Nf3 Bg7 3. Bf4 c5 4. e3 Nf6 5. h3 0-0 6. c3 cxd4 7. cxd4 d6 8. Bd3 Nc6 9. 0-0 Nb4 10. Nc3 Nxd3 11. Qxd3 Qa5 12. Rfd1 Qh5 13. Qb5 Qxb5 14. Nxb5 Bd7 15. Nc3 Rac8 16. Rac1 Rfe8 17. Kf1 Rc7 18. Ke1 Rec8 19. Kd2 Be6 20. Bg5 a6 21. b3 Rxc3 22. Rxc3 Ne4+ 23. Kd3 Nxc3 24. Rc1 Bf5+ 25. e4 Bxe4+ 26. Ke3 Bxf3 27. gxf3 Nd5+ 28. Ke4 Rxc1 29. Bxc1 Nc3+ 30. Kd3 Nxa2 31. Bd2 d5 32. h4 Bf6 33. f4 0-1

[Event "Mumbai Wealth op"]
[Site "Mumbai"]
[Date "2016.02.03"]
[Round "7"]
[White "Raghavan, Muktesh"]
[Black "Demelo, Caitano"]
[Result "1-0"]
[WhiteElo "1643"]
[BlackElo "1185"]
[PlyCount "44"]
[EventDate "2016.01.28"]
[EventType "swiss"]
[EventRounds "9"]
[EventCountry "IND"]
[SourceTitle "CBM 170 Extra"]
[Source "ChessBase"]
[SourceDate "2016.02.25"]
[SourceVersion "1"]
[SourceVersionDate "2016.02.25"]
[SourceQuality "1"]

1. e4 e6 2. d4 d5 3. e5 c5 4. c3 Nc6 5. Nf3 Qb6 6. Bd3 c4 7. Bc2 Nh6 8. 0-0 Nf5 9. Bxf5 exf5 10. Na3 Be7 11. Re1 Be6 12. Qc2 0-0 13. Bg5 Rfe8 14. Bxe7 Nxe7 15. Rab1 Qa6 16. Qc1 h6 17. Nc2 Qxa2 18. Ra1 Qb3 19. Nb4 a5 20. Nd2 axb4 21. Nxb3 cxb3 22. Rxa8 Rxa8 1-0

[Event "Mumbai Wealth op"]
[Site "Mumbai"]
[Date "2016.02.01"]
[Round "5"]
[White "Raghavan, Muktesh"]
[Black "Sameer, Ghotane"]
[Result "0-1"]
[WhiteElo "1643"]
[BlackElo "1938"]
[PlyCount "90"]
[EventDate "2016.01.28"]
[EventType "swiss"]
[EventRounds "9"]
[EventCountry "IND"]
[SourceTitle "CBM 170 Extra"]
[Source "ChessBase"]
[SourceDate "2016.02.25"]
[SourceVersion "1"]
[SourceVersionDate "2016.02.25"]
[SourceQuality "1"]

1. e4 c5 2. Nf3 d6 3. d4 cxd4 4. Nxd4 Nf6 5. Nc3 a6 6. Be3 e5 7. Nb3 Be6 8. Be2 Nbd7 9. 0-0 Be7 10. Qd3 Qc7 11. Nd5 Bxd5 12. exd5 0-0 13. Rac1 a5 14. c4 a4 15. Nd2 Nc5 16. Qb1 Qd7 17. Nf3 b6 18. b4 axb3 19. axb3 Ng4 20. Bd2 Ra3 21. b4 Nb3 22. Rcd1 Nxd2 23. Nxd2 Nf6 24. h3 Qa7 25. Bd3 g6 26. Bc2 Nh5 27. Nf3 Rxf3 28. gxf3 Qd7 29. f4 Qxh3 30. Rd3 Qg4+ 31. Kh2 Nxf4 32. Rg3 Qh4+ 33. Kg1 Ne2+ 34. Kg2 Nxg3 35. fxg3 Qxc4 36. Rd1 Rc8 37. Ba4 b5 38. Bb3 Qe2+ 39. Kh3 Rc3 40. Rg1 Qh5+ 41. Kg2 Qf3+ 42. Kh3 Rxb3 43. Qc2 Rxb4 44. Qc1 Kg7 45. Kh2 Rb2+ 0-1

[Event "Mumbai Wealth op"]
[Site "Mumbai"]
[Date "2016.01.29"]
[Round "2"]
[White "Mahadkar, Pranav"]
[Black "Raghavan, Muktesh"]
[Result "0-1"]
[WhiteElo "1155"]
[BlackElo "1643"]
[PlyCount "120"]
[EventDate "2016.01.28"]
[EventType "swiss"]
[EventRounds "9"]
[EventCountry "IND"]
[SourceTitle "CBM 170 Extra"]
[Source "ChessBase"]
[SourceDate "2016.02.25"]
[SourceVersion "1"]
[SourceVersionDate "2016.02.25"]
[SourceQuality "1"]

1. d4 g6 2. c4 Bg7 3. Nc3 c5 4. e3 Nc6 5. Nf3 d6 6. Be2 Bg4 7. d5 Nb8 8. Bd2 Nf6 9. 0-0 0-0 10. Re1 Bxf3 11. Bxf3 Nbd7 12. Qc2 Ne8 13. Ne4 Ne5 14. Be2 Nd7 15. Bc3 Ndf6 16. b3 Qd7 17. Rac1 a6 18. Bf3 b5 19. Bb2 b4 20. Rcd1 Nxe4 21. Bxg7 Nxg7 22. Bxe4 Ra7 23. Bf3 a5 24. Qb2 a4 25. a3 Rb8 26. bxa4 Rxa4 27. Ra1 Ra7 28. axb4 Rxb4 29. Qc3 Rxa1 30. Rxa1 Qb7 31. g3 Ne8 32. Be4 Nf6 33. Bd3 Nd7 34. Be2 Ne5 35. f4 Nd7 36. Bg4 Nf6 37. Bf3 Nd7 38. Bg4 Nf6 39. Bf3 Nd7 40. Bg4 Nb6 41. Be2 Nd7 42. Bg4 Nf6 43. Bf3 Rb1+ 44. Rxb1 Qxb1+ 45. Kg2 Kf8 46. Qd2 Ne4 47. Qd1 Qb2+ 48. Qe2 Qb1 49. Qd1 Qxd1 50. Bxd1 e6 51. Bc2 Nd2 52. Bd3 exd5 53. cxd5 f5 54. h3 Ke7 55. g4 Kf6 56. Kf2 Nb3 57. Ke2 Nc1+ 58. Kd2 Nxd3 59. Kxd3 fxg4 60. hxg4 h5 0-1

[Event "Mumbai Wealth op"]
[Site "Mumbai"]
[Date "2016.01.28"]
[Round "1"]
[White "Raghavan, Muktesh"]
[Black "Abhishek, Das"]
[Result "0-1"]
[WhiteElo "1643"]
[BlackElo "2210"]
[PlyCount "58"]
[EventDate "2016.01.28"]
[EventType "swiss"]
[EventRounds "9"]
[EventCountry "IND"]
[SourceTitle "CBM 170 Extra"]
[Source "ChessBase"]
[SourceDate "2016.02.25"]
[SourceVersion "1"]
[SourceVersionDate "2016.02.25"]
[SourceQuality "1"]

1. e4 c5 2. Nf3 Nc6 3. d4 cxd4 4. Nxd4 g6 5. Nc3 Bg7 6. Be3 Nf6 7. Be2 0-0 8. 0-0 d5 9. exd5 Nxd5 10. Nxc6 bxc6 11. Nxd5 cxd5 12. c3 Qa5 13. Qd2 Rd8 14. Rfd1 e5 15. Bf3 Be6 16. Bh6 Bh8 17. Qg5 Rab8 18. Rd2 Rd7 19. Qg3 Rdb7 20. b4 Qb5 21. Rad1 Rd7 22. Be2 Qc6 23. a3 Rc8 24. Rc1 Qa4 25. Ra2 Qb3 26. Raa1 Rdc7 27. Bd2 Qb2 28. Rd1 Rxc3 29. Bxc3 Rxc3 0-1